| 000 | 00610nam a2200205Ia 4500 | ||
|---|---|---|---|
| 003 | OSt | ||
| 005 | 20260601154704.0 | ||
| 008 | 210210b1997 xxu||||| |||| 00| 0 eng d | ||
| 040 | _cAL | ||
| 041 | _aKannada | ||
| 082 | _a364.163K MAII | ||
| 100 |
_aMAISURU NAGARAJA SHARMA. _dಮೈಸೂರು ನಾಗರಾಜ ಶರ್ಮಾ _9264916 |
||
| 245 |
_aIdu entha lokavayya. _bಇದು ಎಂಥಾ ಲೋಕವಯ್ಯ |
||
| 260 |
_aMaisuru. _bShilpashree prakashana _c1997 |
||
| 300 | _a153 | ||
| 650 |
_avanchane mosa _9264917 |
||
| 690 |
_aCriminology _9264918 |
||
| 906 | _a052616 | ||
| 942 |
_2ddc _cBK |
||
| 999 |
_c101140 _d101140 |
||